000 01781nam a2200265Ia 4500
003 Ost
005 20260507074918.0
008 260507s9999||||xx |||||||||||||| ||und||
020 _a9957181459
040 _cfsecg
041 _aara
082 _a658.403
100 _aسعد، غالب ياسين
_eمؤلف
245 0 _aإدارة المعرفة :
_bالمفاهيم-النظم-التقنيات /
_c غالب ياسين سعد
260 _aعمان:
_bدار المناهج,
_c2007
300 _a378 صفحة؛
_bإيضاحات ؛
_c25 سم
504 _aببليوغرافيا: ص.361؛ ملاحق: ص.379
520 _aيضم هذا الكتاب في كنفة سبعة فصول تدور حول أساسيات المعرفة، نظم إدارة المعرفة، تقييم وقياس رأس المال المعرفة، أو رأس المال الفكري إستراتيجية المعرفة، منحنى البحث التقني الخالص، حقول تقييم وقياس رأس المال الفكري العربي وتحليل تحديات تطبيق برنامج إدارة المعرفة في البيئة العربية من خلال رؤية استرايجية عقلانية ناقدة. اساسيات المعرفة، دور حياة المعرفة، نظم ادارة المعرفة، تقييم وقياس رأس مال المعرفة، رأس المال الفكري الوطني ورأس المال الفكري العربي، استراتيجية المعرفة، تحديات تطبيق استراتيجية ادارة المعرفة في البيئة العربية
653 _aادارة الاعمال
653 _aالادارة
653 _aالقياس
653 _aالمعرفة
653 _aرأس المال
942 _cكتاب
999 _c41782
_d41782